• 首页
  • 本馆介绍
  • 公告通知
  • 最新文献
  • 馆藏检索
  • 电子资源
  • 读者导购
  • 参考咨询
  • 我的图书馆
  • 登录
  • 详细信息显示
  • 放入我的书架
  • 预约/预借图书
  • 作者相关作品
  • 分类相关作品
  • 丛书相关作品
  • 出版社相关作品

书目信息

  • 表格格式
  • 工作单格式
  • 卡片格式
题名:
新保险法及相关规定实务指南
    
 
作者: 奚晓明 主编
分册:  
出版信息: 北京   人民法院出版社  2010
页数: 27,857页
开本: 24cm
丛书名: 中华人民共和国保险法实务丛书
单 册:
中图分类: D922.284.5
科图分类:
主题词: 保险法--法律解释--中国 , 保险法 , 法律解释
电子资源:
ISBN: 978-7-80217-871-7
000 01082oam2 2200289 450
001 100428699719
005 20110224090604.60
010    @a978-7-80217-871-7@dCNY118.00
035    @a004428737
100    @a20100310d2010 em y0chiy0110 ea
101 0  @achi
102    @aCN@b110000
105    @ay zn 000yy
106    @ar
200 1  @a新保险法及相关规定实务指南@9xin bao xian fa ji xiang guan gui ding shi wu zhi nan@f奚晓明主编
210    @a北京@c人民法院出版社@d2010
215    @a27,857页@d24cm
225 2  @a中华人民共和国保险法实务丛书
330    @a本书以新保险法的条文为主线,以现行有效的配套法律法规、司法解释、行政规章、行政解释、规范性文件的相关保险条文为依据,对新保险法及其配套规范在保险理赔、保险诉讼与审判等保险实践、司法实践相关环节中的具体适用,进行了注释。
461  0 @12001 @a中华人民共和国保险法实务丛书
606 0  @a保险法@x法律解释@y中国
606 0  @a保险法
606 0  @a法律解释
690    @aD922.284.5@v4
701  0 @a奚晓明@9xi xiao ming@f(1954.6~)@4主编
801  0 @aCN@bNLC@c20110224
905    @b205994147-156@h599414-15@dD922.284.5@e937@f2
    
    新保险法及相关规定实务指南/奚晓明主编.-北京:人民法院出版社,2010
    27,857页;24cm.-(中华人民共和国保险法实务丛书)
    
    
    ISBN 978-7-80217-871-7:CNY118.00
    本书以新保险法的条文为主线,以现行有效的配套法律法规、司法解释、行政规章、行政解释、规范性文件的相关保险条文为依据,对新保险法及其配套规范在保险理赔、保险诉讼与审判等保险实践、司法实践相关环节中的具体适用,进行了注释。
●
相关链接 在E读中查询图书 在五车中查询图书 在当当中查询图书 在豆瓣中查询图书


正题名:新保险法及相关规定实务指南     索取号:D922.284.5/937         预约/预借

序号 登录号 条形码 馆藏地/架位号 状态 备注
1 599414   205994147   第一样本阅览室/ [索取号:D922.284.5/937] 在馆    
2 599415   205994156   第一借阅区/ [索取号:D922.284.5/937] 在馆    
唐山师范学院图书馆 欢迎您!
大连网信软件有限公司© 版权所有